| 000 | 00522nam a2200133Ia 4500 | ||
|---|---|---|---|
| 008 | 171212s9999 xx 000 0 und d | ||
| 020 | _a9781760460846 | ||
| 100 | _aKennett, B.L.N.;Saygin, E.;Fomin, T.;Blewett, R. | ||
| 245 |
_cKennett, B.L.N.;Saygin, E.;Fomin, T.;Blewett, R. _aDeep Crustal Seismic Reflection Profiling _bAustralia 1978–2015 |
||
| 260 |
_bANU E Press _c2016 |
||
| 650 | _aGeology | ||
| 650 | _aSeismology -- Australia; Seismic waves; Seismic tomography | ||
| 856 | _uhttp://jstor.org/stable/j.ctt1rrd7rv | ||
| 999 |
_c351065 _d351065 |
||